| 000 | | | 05986cbc2a2200241#x 450 |
| 001 | | | ee52185d-5b7b-48c4-8984-efa83888eb0c |
| 005 | | | 20250805140036.0 |
| 100 | ## | $a | 20240112l19021912k l0rusy0189 ca |
| 101 | 0# | $a | rus |
| 102 | ## | $a | RU |
| 105 | ## | $a | ae## |
| 122 | 2# | $a | d1902###### |
| | $a | d19120725## |
| 200 | 1# | $a | Дело о постройке здания мужской гимназии в городе Владивостоке |
| | $j | 1902 г. - 25 июля 1912 г. |
| | $h | Часть 2 |
| 215 | ## | $a | 22 листа |
| | $c | черт.; план. |
| | $d | 36,5х26 см |
| 251 | ## | $c | Дело |
| 300 | ## | $a | Рукописный текст. Чернила |
| 300 | ## | $a | Бумага. Тушь, карандаш, акварель |
| 371 | ## | $a | Документ не является опубликованным и широко распространяемым |
| 461 | #0 | $1 | 001a74412a3-3cc5-4d21-8f0a-dfe2fbd9e72d |
| | $1 | 2001 |
| | $a | Департамент народного просвещения Министерства народного просвещения |
| | $1 | 251 |
| | $c | Фонд |
| | $1 | 852 |
| | $j | 733 |
| 462 | #0 | $1 | 001cbe97534-fc2c-41b6-aa33-2a5bd997e041 |
| | $1 | 2001 |
| | $a | Строительный комитет: о постройке зданий учебных заведений; проекты, планы и фасады зданий |
| | $v | Д. 26 |
| | $1 | 251 |
| | $c | Опись |
| | $1 | 852 |
| | $j | 224 |
| 801 | #0 | $a | RU |
| | $b | РГИА |
| | $c | 20240112 |
| 801 | #1 | $a | RU |
| | $b | ГлавНИВЦ |
| | $c | 20240112 |
| | $2 | rusmarc |
| 801 | #2 | $a | RU |
| | $b | ПБ им. Б.Н. Ельцина |
| | $c | 20240524 |
| | $g | RCR |
| | $2 | rusmarc |
| 850 | ## | $a | Федеральное казенное учреждение "Российский государственный исторический архив" |
| 852 | ## | $a | РГИА |
| | $j | 26 |
| 937 | ## | $h | РГИА |
| | $d | 12394983 |
| | $a | ASBIBLIO_SCAN |
| 035 | ## | $a | RusGRCC00071817 |
| 856 | ## | $u | http://readingroom.main.prlib.ru/item.aspx?id_node=n192357793&mode=full |
| 120 | ## | $a | byy |
| 121 | ## | $a | a aaaaxa |
| 123 | 2# | $a | a |
| 124 | ## | $a | a |
| | $b | j |
| 206 | ## | $b | Масштабы разные |
| 606 | 1# | $2 | prlib_sh |
| | $3 | LIBNET\UAF\0000117775 |
| | $a | Мужские гимназии |
| | $y | Владивосток, город |
| | $z | кон.19 - нач. 20 вв. |
| | $j | Документы и материалы |
| 686 | ## | $2 | rubbk |
| | $a | 74.03(285.5)5-421ю11 |
| | $v | LBC/M |
| 605 | ## | $2 | acquisition_Prlib |
| | $3 | LIBNET\UAF\0000102567 |
| | $a | Город-порт Владивосток |
| | $l | коллекция |
| 605 | ## | $2 | acquisition_Prlib |
| | $3 | DITM\AF\0000004675 |
| | $a | Территория |
| | $l | коллекция |
| 605 | ## | $2 | acquisition_Prlib |
| | $3 | LIBNET\UAF\0000107109 |
| | $a | История образования в России |
| | $l | коллекция |
| 605 | ## | $2 | acquisition_Prlib |
| | $3 | DITM\AF\0000002775 |
| | $a | Власть |
| | $l | коллекция |
| 605 | ## | $2 | acquisition_Prlib |
| | $3 | DITM\AF\0000003834 |
| | $a | Народ |
| | $l | коллекция |